000 00817nam a2200229Ia 4500
003 GCL
008 140319s9999 xx 000 0 ara d
020 _a2485200977
040 _aGCL /
_cGCL
082 0 4 _a338.642
_bا د
100 1 _aاحمد عرفة
245 1 0 _aدراسات الجدوى وماذا بعد الجدوى ؟ :
_bتطبيق ميدانى على مشروع صغير /
_cاحمد عرفة
700 1 _aسمية شلبى
260 _aالقاهرة :
_bمكتبة النهضة المصرية ،
_c2005
300 _a256 ص ؛
_c24 سم
650 0 4 _aادارة الاعمال
650 0 4 _aدراسة الجدوى
650 0 4 _aضبط الجودة
650 0 4 _aالمشروعات الصغيرة
650 0 4 _aالمشروعات الصغيرة - تنظيم وادارة
942 _2ddc
_cBK
999 _c8564
_d8564